[Event "American Continental 3rd"]
[Site "Buenos Aires"]
[Date "2005.08.16"]
[Round "11"]
[White "Quesada Perez, Yuniesky"]
[Black "Gulko, Boris F"]
[Result "1/2-1/2"]
[WhiteElo "2522"]
[BlackElo "2589"]
[Annotator "Gofshtein,L"]
[PlyCount "65"]
[EventDate "2005.08.06"]
[EventType "swiss"]
[EventRounds "11"]
[EventCountry "ARG"]
[SourceTitle "CBM 109"]
[Source "ChessBase"]
[SourceDate "2005.11.14"]
[SourceVersion "1"]
[SourceVersionDate "2005.11.14"]
[SourceQuality "1"]

{[%mdl 16384]} 1. e4 c5 2. Nf3 d6 3. d4 cxd4 4. Nxd4 Nf6 5. Nc3 Nc6 6. Bg5 e6
7. Qd3 {a rare move, which transposes to the main line 7.Qd2 after the
exchange of knights on d4} Be7 8. O-O-O O-O 9. f3 Nxd4 10. Qxd4 a6 {besides
this move black has also 10...Qa5, after which the next lines are possible:} (
10... Qa5 11. Bd2 (11. Qd2 Rd8 {It is main line in this variation} (11... Bd7 {
This move does not decide openning problem} 12. Kb1 Qc7 $2 (12... Kh8 13. g4
$36 {1-0 Shahade,J-Khan,A/Chandler 1997/EXT 99 (25)}) 13. e5 $18 {1-0 Krstic,
U-Nikolic,S/Bled 1998/EXT 99 (29)}) 12. Kb1 {[%cal Yc3d5] After this move
white has eventual threat Nd5} b6 {Defense against threat Nd5} (12... Qc7 13.
Nb5 Qd7 14. g4 a6 15. Nd4 Qc7 (15... b5 16. h4 Bb7 17. Be3 $40 {1-0 Benjamin,
J-Kogan,B/Berkeley 1984/MCD (42)}) 16. Bd3 b5 17. h4 e5 18. Nf5 Bxf5 19. gxf5
$36 {1-0 Pikula,D-Pelletier,Y/Baden 1997/EXT 99 (38)}) 13. h4 Bb7 14. Qe1 Rac8
{[%cal Rc8c3]} 15. Bd3 {white is preparing attack on the king side} Ba6 {
black try by means of changes pieces decrease potential of white pieces} 16. g4
Bxd3 17. Rxd3 b5 18. Qd2 {[%cal Rd3d6] 1-0 Moreno Carnero,J-Norris,A/Mondariz
2000/CBM 079/[Gofshtein,L] (38) white is slightly better.}) 11... Qc7 (11...
Qc5 12. Qxc5 dxc5 13. Bf4 Rd8 14. Rxd8+ Bxd8 15. Bd6 b6 16. Bb5 Bb7 17. Rd1 {
1-0 Shchekachev,A-Inkiov,V/Paris 2001/CBM 083 ext (40) white has a slight edge.
}) 12. Nb5 Qd8 (12... Qb8 13. Bb4 e5 14. Qc3 Ne8 15. Qa3 a6 16. Nc3 (16. Nxd6
a5 17. Bc5 b6 18. Nxc8 Bxc5 19. Ne7+ Kh8 20. Nc6 $13) 16... Be6 (16... a5 17.
Nd5 $1) 17. Nd5 $14) 13. Bb4 d5 14. Bxe7 Qxe7 15. exd5 $1 (15. e5 Nd7 16. Nxa7
Nc5 17. Nxc8 Rfxc8 18. Kb1 Qc7 {with counterplay 1/2-1/2 De la Villa Garcia,
J-Vera,R/Leon 1996/CBM 054 (29)}) 15... Nxd5 16. Nxa7 Bd7 17. Kb1 $16) (10...
Bd7 $5 11. Bc4 Bc6 12. h4 Qa5 13. Bb3 Rfd8 14. Kb1 b5 15. e5 dxe5 16. Qxe5 Qb6
$11 {Relange-Sosonko,Cannes 1996}) (10... e5 $6 11. Qd2 {[%csl Yd5]} Be6 12.
Kb1 Rc8 13. h4 Rc5 14. a3 Qb8 15. Be3 $16 {Chandler-Lobron Biel 1987}) 11. h4 (
11. e5 dxe5 12. Qxe5 Qe8 13. Be2 Bd7 14. Qg3 $13 {Kuzmin-Oll Lviv 1990}) 11...
Qc7 {black also has an immideate 11...b5} (11... b5) 12. g4 {another plan is
to transfer the knight to an active spot on d4} (12. Kb1 b5 13. Qd2 {freeing
the d4 square for the knight and taking the sting out of b5-b4} (13. h5 h6 14.
Bh4 $6 {Not so bad in itself, but bishop would control also other important
squares from e3. White keeps the pressure on f6 and hopes for g4-g5 attack.}
Bb7 15. Bd3 $5 (15. Ne2 Rac8 16. Rc1 d5 $17)) (13. g4 $5) 13... b4 14. Ne2 Rb8
15. g4 (15. h5 Rd8 $5 {[%cal Rd8d6,Rd6d5]} (15... h6 16. Bxf6 Bxf6 17. Qxd6
Qxd6 18. Rxd6 Bb7 $44) 16. h6 g6 $13 {position looks unclear}) 15... a5 16. Nd4
(16. Ng3 a4 17. Nh5 b3 $5 $132) 16... a4 17. Bd3 e5 $5 18. Bxf6 $1 {Gofshtein,L
} (18. Nf5 $6 Bxf5 19. gxf5 $6 {Dubious move, it was nessasary 19.ef with
unclear position,now black has serious initiative} a3 $5 {is good for black
0-1 Benjamin,J-Gulko,B/Seattle 2000/CBM 080/(32)}) 18... Bxf6 19. g5 Be7 20.
Nf5 $13) 12... b5 13. a3 Rb8 {A novelty according to my database, though such
a natural move can hardly be surprising. Black's idea is to exchange queens on
b6 as if the white queen retreats b5-b4 would follow} (13... Bb7 $5 {0-1
Koscielski,J-Henrichs,T/Herne 2003/EXT 2004 (33)}) 14. h5 h6 15. Bh4 (15. Be3 {
deserved attention, preventing Qb6 from black} b4 $1 {other moves lead to
white's advantage} (15... Rd8 16. g5) (15... d5 $6 16. exd5 $1 (16. e5 $2 Nd7
17. f4 b4 {with a strong attack}) 16... Rd8 (16... b4 17. d6 Bxd6 18. Qxd6 Qxd6
19. Rxd6 bxc3 20. bxc3 {with a clear edge in the endgame}) (16... Nxd5 17. Nxd5
exd5 18. g5 {with an initiative}) 17. Bf4 Bd6 18. Bxd6 Qxd6 19. g5 $1 hxg5 20.
h6 {and white's attack is faster}) 16. axb4 d5 17. exd5 Rxb4 18. d6 Rxd4 19.
dxc7 Rxd1+ 20. Kxd1 Bb7 21. Be2 Rc8 22. Bf4 Bb4 {and black is fine}) 15... Qb6
(15... d5 {deserves serious attention} 16. exd5 (16. e5 $6 Bc5 {and white
loses the pawn on e5}) 16... Rd8 17. g5 hxg5 18. Bxg5 b4 {is unclear}) 16. Qxb6
{white is forced to exchange queens, otherwise black's attack is stronger. The
alternative was to exchange queens on d4, since the black rook on b6 is well
placed, defending d6} (16. Qd2 $2 b4) (16. g5 Qxd4 17. Rxd4 Nxh5 (17... hxg5
18. Bxg5 Re8 19. h6 {with a strong initiative}) 18. gxh6 g5 (18... Bxh4 19.
Rxh4 g6 20. Rxd6 {and white has the advantage}) 19. Bf2 Nf4 {and black seems
to be doing fine}) 16... Rxb6 17. g5 hxg5 {Now black doesn't have the Nxh5
option since his rook on b6 gets under attack} (17... Nxh5 $2 18. Bf2 $1 {
[%cal Gf2b6,Gh1h5] and white wins}) 18. Bxg5 Re8 19. Rd2 {White maneouvres his
pieces to a better positions, the white rook has an option of coming to the
g-file now} (19. h6 {is simply met by} g6) 19... Nd7 20. Bxe7 Rxe7 21. Rg1 {
white has a strong pressure, it seems that black's opening idea didn't bring
him to equality} Nf6 $1 {a strong move, black brings the knight to e8 where it
is perfectly placed, defending d6 and g7} 22. Rdg2 Ne8 23. f4 b4 {White's idea
was to play h5-h6 and f4-f5 after that, this idea works if black plays 23...
Kh8 for example} (23... Bb7 {perhaps this was stronger} 24. Bd3 {with a small
but enduring advantage for white}) (23... Kh8 $2 24. h6 g6 (24... gxh6 25. Rg8+
Kh7 26. e5 $1 $18 {[%cal Gf1d3]}) 25. f5 exf5 26. Nd5 {winning an exchange})
24. axb4 (24. Na4 {Of course, white doesn't fall for this} bxa3 25. Nxb6 $4 a2
$1 {and white can't stop black's a-pawn}) 24... Rxb4 25. f5 $1 (25. h6 g6 26.
f5 {This idea is less strong now} exf5 27. Nd5 (27. exf5 Bxf5 28. Nd5 Re1+ 29.
Kd2 Rbe4 {and black saves the exchange}) 27... Rbxe4 28. Nxe7+ Rxe7 {[%cal
Gg8h7] and black is ok}) 25... Kh7 $2 {Black defends against h5-h6 or at least
he thinks so} (25... exf5 {was better} 26. Nd5 Rbxe4 27. Nxe7+ Rxe7 28. Bc4 {
and though white is better the game is far from over} Kh7 {[%cal Gh7h6]}) 26.
Bd3 $2 {What a pity, white had a marvellous strike 26.h6 that could bring him
the victory} (26. h6 $3 {this move is winning} gxh6 (26... f6 27. Rh1 Kg8 28.
Bd3 {[%cal Gc3e2,Ge2f4] white's positional edge is probably decisive, the
knight comes to the kingside}) 27. Rg8 {threatening f5-f6} f6 28. Rf8 $1 {
[%cal Gg1g8]} Bd7 (28... exf5 29. Rgg8 Bd7 30. Nd5 Rbxe4 31. Rxe8 {[%cal Gd5f6]
is very nice, white wins}) 29. Rgg8 {now white simply threatens to play Be2-h5
with mate} Nc7 30. Be2 Re8 31. Bh5 Rxf8 32. Rxf8 {[%cal Gf8f7,Gh5g6] and white
is winning}) 26... Kh6 $1 {Now the black king is safe, white would have given
a lot to get rid of his h5 pawn} 27. fxe6 Bxe6 28. b3 Rc7 {Black transfers the
rook to the 5th rank where is plays on both flanks} 29. Kd2 Rc5 {The game has
almost equalised now, the black pieces are well placed and the white pawn on
h5 is mainly a weakness now} 30. Ne2 a5 (30... Rxh5 $4 {Obviously the pawn is
poisoned} 31. Nf4 Rh4 32. Nxe6 fxe6 33. e5 {is very bad for black}) 31. Nf4 Re5
32. Rg3 (32. Nxe6 {was a better and probably white's last chance to squeeze
something out of this game} Rxe6 33. Bc4 Re7 (33... Rxe4 $2 34. Bxf7 {with
great advantage for white, the bishop is much stronger than the knight}) (33...
Rxc4 34. bxc4 Re5 {is also not entirely clear}) 34. Kd3 {still keeping some
plus}) 32... Rb7 {Probably the draw was agreed here since after 33.Ra1 black
could take over the initiative with 33...Nf6 attacking the pawns e4 and h5} 33.
Ra1 (33. Ra1 $2 Nf6 34. Rag1 Nxe4+ 35. Bxe4 Rxe4 36. Nxe6 fxe6 37. Rg6+ Kh7 {
black is a pawn up, and white is the one that has to prove the equality})
1/2-1/2

[Event "Hoogovens-B"]
[Site "Wijk aan Zee"]
[Date "1999.01.24"]
[Round "5"]
[White "Van den Doel, Erik"]
[Black "Ionov, Sergey"]
[Result "1/2-1/2"]
[WhiteElo "2547"]
[BlackElo "2551"]
[Annotator "Gofshtein,L"]
[PlyCount "73"]
[EventDate "1999.01.19"]
[EventType "tourn"]
[EventRounds "11"]
[EventCountry "NED"]
[EventCategory "11"]
[SourceTitle "CBM 069"]
[Source "ChessBase"]
[SourceDate "1999.04.01"]
[SourceVersion "1"]
[SourceVersionDate "1999.04.01"]
[SourceQuality "1"]

1. e4 c5 2. Nf3 d6 3. d4 cxd4 4. Nxd4 Nf6 5. Nc3 Nc6 6. Bg5 e6 7. Qd2 Be7 8.
O-O-O O-O 9. Nb3 a6 (9... Qb6 $5) 10. Bxf6 gxf6 11. Qh6 Kh8 $8 12. Qh5 {
with idea 13.Rd3-h3} (12. Rd3 Rg8) 12... Qe8 $8 {black defended against Rd3-h3}
13. f4 Rg8 14. g4 {white begins the standard plan of attack using pawns.} b5 $5
{it looks  more aggressive than 14...Bd7,and gives black chanses for   good 
counterplay} (14... Bd7 $6 15. Bd3 Rg7 16. h4 Qd8 17. g5 Qc7 18. Kb1 b5 19.
gxf6 Bxf6 20. e5 dxe5 21. Nc5 Rd8 22. N3e4 Be7 23. Nxd7 Rxd7 24. Rdg1 Rxd3 25.
cxd3 Nb4 26. Rxg7 Kxg7 27. Rg1+ Kf8 28. Qxe5 $18 {1-0 Van den Doel,E-Vogel,R/
Berlin 1993/EXT 97 (39)}) 15. Bd3 (15. h4 Bb7 16. g5 Rd8 17. Rh3 b4 18. Na4 Nb8
19. gxf6 Bxf6 20. Bd3 e5 21. Nb6 Nd7 22. Nd5 Bg7 23. Kb1 Nf6 24. Nxf6 Bxf6 $132
{1/2-1/2 Cuijpers,F-Ostojic,P/BL2-W 1992/GER-chT2 (49)}) 15... Rg7 {
profilactical move against e4-e5} (15... Nb4 16. Be2 Bd7 17. h4 Rc8 18. Rd2 Rc7
$132 {Wood-Gufeld,London 1995/ EXT 99( 49)}) 16. h4 b4 $5 {Lets black
immediately to start counterattack.} (16... Bd7 $6 17. g5 Nb4 18. Be2 Rc8 19.
a3 Nc6 20. gxf6 Bxf6 21. e5 dxe5 22. Ne4 Be7 23. fxe5 $16 {1-0 Galanov,
B-Alekseev,A/URS 1988/TD (31)}) (16... Bb7 17. Rdg1 b4 18. Ne2 a5 19. f5 a4 20.
Nbd4 Nxd4 21. Nxd4 e5 22. Nf3 d5 23. g5 dxe4 24. gxf6 Rxg1+ 25. Rxg1 Bxf6 26.
Ng5 Bxg5+ 27. Qxg5 {1-0 Boros,D-Kiss,G/Budapest 1995/EXT 97 (27)}) 17. Ne2 (17.
Na4 $6 Rb8 18. g5 e5 19. f5 fxg5 20. hxg5 Bxg5+ 21. Kb1 Qe7 $17 {1-0 Fercec,
N-Kiss,A/Medulin 1997/EXT 99 (56)}) 17... e5 {In my opinion this move is the
waste of time.Of course, better is 17...a5} (17... a5 $5 18. g5 a4 19. Nbd4 b3
$5 20. axb3 axb3 21. Nxb3 Bb7 22. Nc3 Nb4 23. Rhg1 Qc6 24. Rg3 Qb6 25. Qe2 d5
26. exd5 Bd6 27. Rf3 Rc8 $36 {0-1 Psakhis,L-Kotronias,V/Dortmund 1989/CBM 13 
(42)}) 18. f5 a5 19. Kb1 $6 {too slowly} (19. Rdg1 $5 Bb7 20. g5 a4 21. Nd2 Nb8
22. gxf6 Bxf6 23. Rxg7 Bxg7 24. f6 Bxf6 25. Rf1 Qe7 26. Nf4 $1 exf4 27. e5 $36
{1/2-1/2 Liss,E-Leko,P/Budapest 1993/CBM 38 (39)}) (19. Rhg1 $5 a4 20. Nd2 b3
21. axb3 Nb4 22. Nc3 Nxd3+ 23. cxd3 Qc6 24. bxa4 Rxa4 25. Nc4 $16 {1-0 Van den
Doel,E-Pergel,L/Bratislava 1993/TD (43)}) 19... Bb7 20. Nbc1 (20. Nd2 $5) 20...
a4 21. Qh6 $146 {white position is not promising at all,natural   move- 21.
Rhg1 also doesn't give anything} (21. Rhg1 Nb8 22. g5 Nd7 23. Bb5 Qd8 24. Bxd7
Qxd7 25. Ng3 fxg5 26. Qh6 Rag8 27. Nh5 Bxe4 28. Nxg7 Rxg7 $17 {0-1 Oll,L-Aseev,
K/Odessa 1989/URS-ch (39)}) 21... Rxg4 22. Rhg1 Rxg1 23. Rxg1 Qf8 24. Qh5 Na5
$15 {[%csl Gc4][%cal Ga5c4]} 25. Qg4 Rd8 26. c4 Bc6 27. b3 Nb7 28. Bc2 Nc5 29.
Ng3 Qh6 30. Nh1 Re8 31. Nf2 Bd8 32. Ncd3 axb3 33. axb3 Nxd3 $2 (33... Na6 $140
$5 $17) 34. Nxd3 Bb6 35. Rg2 $11 Bc5 36. Nxc5 dxc5 37. Rg1 1/2-1/2

[Event "American Continental 2nd"]
[Site "Buenos Aires"]
[Date "2003.08.26"]
[Round "8"]
[White "Mieles Palau, Daniel"]
[Black "Filgueira, Hernan"]
[Result "1-0"]
[WhiteElo "2468"]
[BlackElo "2376"]
[Annotator "Gofshtein,L"]
[PlyCount "77"]
[EventDate "2003.08.17"]
[EventType "swiss"]
[EventRounds "11"]
[EventCountry "ARG"]
[SourceTitle "CBM 097"]
[Source "ChessBase"]
[SourceDate "2003.11.11"]
[SourceVersion "1"]
[SourceVersionDate "2003.11.11"]
[SourceQuality "1"]

1. e4 {[%mdl 4]} c5 2. Nf3 Nf6 3. Nc3 d6 4. d4 cxd4 5. Nxd4 Nc6 6. Bg5 e6 7.
Qd2 Be7 8. O-O-O O-O 9. Nb3 Qb6 10. f3 Rd8 11. Kb1 d5 12. Bxf6 dxe4 $2 {
Black chooses a variation, which is considered bad for him. As the practice
shows 12...Bf6 is better} (12... Bxf6 $5 13. exd5 Bxc3 14. Qxc3 exd5 15. Qc5
Qxc5 16. Nxc5 Na5 17. Bd3 b6 $14 {1/2-1/2 Van der Wiel,J-Huzman,A/Amsterdam
1994/EXT 2003 (60)}) 13. Bxe7 $1 {White recieves more than enough compensation
for the queen. As the game below shows, in case of 13.Bd4 black gets a very
good game} (13. Bd4 $6 Nxd4 14. Nxd4 e5 15. fxe4 Rxd4 16. Qc1 Be6 17. Rxd4 exd4
18. Nd5 Bxd5 19. exd5 Qc5 20. Qe1 Bf6 21. Qe4 Rd8 22. Bd3 g6 23. Rf1 Bg7 24. d6
Qxd6 25. Bc4 b5 26. Bxb5 {1/2-1/2 Brustman,A-Liu Shilan/Tuzla 1987/EXT 97 (26)}
) 13... Rxd2 14. Nxd2 $1 {[%cal Rd2c4,Rd2e4] White gets the knight to play} Qc7
$146 {14...ef has also been met in practice. But as the following games show
it also leads to difficulties for black} (14... exf3 15. Nc4 $1 Qc7 {15...Qf2
16.Ne4! +-} 16. Bd6 $1 $36 Qd8 17. gxf3 Bd7 18. Be2 (18. f4 Qh4 19. Bg2 Be8 20.
Rd2 h6 21. Ne4 $36 {1-0 Conquest,S-Speelman,J/London 1990/EXT 97 (41)}) 18...
Be8 19. Rhg1 Qh4 20. Rg4 Qh3 21. Bg3 Rd8 22. Rg1 f6 23. Nd6 $36 {1-0 Brodsky,
M-Iskusnyh,S/Orel 1997/EXT 99 (27)}) (14... Nxe7 $2 15. Nc4 Qc7 16. Nb5 $18)
15. Bh4 $5 (15. Ba3 $5) 15... Bd7 {White has a serious initiative also in case
of 15...ef} (15... exf3 16. Nxf3 f6 17. Bg3 e5 18. Bc4+ Kh8 19. Nb5 $36) 16.
Ndxe4 Be8 17. Nd6 {The white knight enters black camp and exerts strong
pressure upon black's position} a6 18. Bd3 Nb4 {Black tries to exchange pieces
and to minimize white's pressure} 19. a3 Nxd3 20. Rxd3 Bc6 21. Rhd1 {White
brings all his pieces to the game} h6 22. Bg3 Qe7 23. Nc4 $5 {[%cal Yc4a5,
Yc4e5] Transfering the knight to a stronger position, and also opening the
d-file for the rooks} Kh7 24. Ne5 Be8 {Of course black deviates from the
exchange of the bishop. In this case white would inevitably invade with the
rooks} 25. Ne4 {Now the other knight invades into black's camp} f5 (25... f6
26. Nd7 f5 27. Nf2 $36) 26. Nd6 Bh5 27. Rc3 Rd8 28. Rcd3 {White doesn't find
immideatly how to realise his great advantage} Rg8 29. Nec4 {[%cal Rc4a5,Rc4b6]
With the idea after Na5 to weaken black's position even more} Bg6 30. Be5 f4
31. R3d2 b5 32. Na5 Qg5 33. Bc3 Qh4 34. h3 Rd8 35. Nc6 {All white pieces are
taking part in the game} Rg8 36. Ne5 $18 Bh5 37. Ne4 {Again the knight
retreats so that the rooks can invade into black's position} Be8 38. Rd6 Qe7
39. Rxa6 {Black resigned as the latter material loss is inevitable. White
totally dominates the position} 1-0

[Event "ARG-ch"]
[Site "Buenos Aires"]
[Date "1998.04.24"]
[Round "9"]
[White "Ginzburg, Maximiliano"]
[Black "Ricardi, Pablo"]
[Result "1-0"]
[WhiteElo "2470"]
[BlackElo "2555"]
[Annotator "Gofshtein,L"]
[PlyCount "89"]
[EventDate "1998.04.15"]
[EventType "tourn"]
[EventRounds "15"]
[EventCountry "ARG"]
[EventCategory "9"]
[SourceTitle "CBM 065"]
[Source "ChessBase"]
[SourceDate "1998.08.06"]
[SourceVersion "1"]
[SourceVersionDate "1998.08.06"]
[SourceQuality "1"]

{[%mdl 1348]} 1. e4 c5 2. Nf3 d6 3. d4 cxd4 4. Nxd4 Nf6 5. Nc3 Nc6 6. Bg5 e6 7.
Qd2 Be7 8. O-O-O O-O 9. Nb3 a6 10. Bxf6 Bxf6 11. Qxd6 Bxc3 12. bxc3 Qf6 (12...
Qb6 13. Qc5 Qxc5 14. Nxc5 b6 15. Na4 b5 16. Nc5 Rd8 17. Rxd8+ Nxd8 18. c4 b4
19. c3 $16 {1-0 Svidler,P-Martinez,A/Oviedo rapid45 1992 (46)}) (12... Qh4 $5
13. g3 Qf6 (13... Qxe4 $6 14. Bd3 Qf3 15. Bxh7+ Kxh7 16. Qxf8 e5 17. Qc5 $16 {
Chandler,M-Eising,J/OHRA 1984/1-0 (48)}) 14. Qc5 e5 15. Bc4 $14 {[%cal Gd1d6]
1-0 Ivanovic,B-Popovic,P/Novi Sad 1984 (40)}) 13. Qg3 (13. Qc5 e5 14. Kb2 Be6
15. f3 Rfc8 16. Qb6 Qe7 17. Be2 Nb8 18. Qd6 Qxd6 19. Rxd6 Nd7 20. Rhd1 Rc7 21.
Na5 Rac8 22. Bc4 $1 Nf8 23. Bb3 $16 {1-0 Sax,G-Vogel,R/BL9394 1994 (35)}) 13...
b5 (13... e5 $5 14. Bc4 Be6 15. Bxe6 Qxe6 16. Rd5 Rac8 (16... a5 17. a4 f5 18.
Nc5 Qh6+ 19. Qe3 f4 20. Qd2 Rf7 21. f3 Qg5 22. Rd1 Qe7 23. Qd3 $14 {1-0
Zezulkin,J-Berntsen,P/Eger op 1991 (37)}) 17. Rhd1 Rc7 $14 {1/2-1/2 Benjamin,
J-Christiansen,L/USA-ch 1984 (40)}) (13... b6 $5 14. f4 e5 15. f5 Ra7 (15...
Bb7 16. Bc4 Ne7 17. Rhe1 Rfe8 18. Rd7 Bc6 19. Rd2 a5 $132 {Horne,D-Barendregt,
J/Helsinki olm 1952/0-1 (58)}) 16. Qe3 Ne7 17. Be2 Rc7 18. Rd3 Bb7 19. Rhd1 Nc8
$13 {1/2-1/2 Nicevski,R-Sofrevski,J/Skopje/Ohrid 1968 (23)}) 14. f4 (14. Rd6 $5
Bb7 15. Be2 (15. f4 Rad8 16. e5 Qe7 17. Rxd8 Rxd8 18. Bd3 a5 $44 {0-1 Canfell,
G-Goldenberg,I/AUS-ch op 1993 (25)}) 15... Rfc8 16. Rd7 Rab8 17. f4 b4 18. e5
Qh6 19. Nc5 $16 {[%csl Rh6] 1-0 O'Kelly de Galway,A-Pomar Salamanca,A/Madrid
zt 1960 (35)}) 14... Qe7 (14... e5 15. f5 $14 {[%csl Rc8]}) 15. e5 Qa3+ 16. Kb1
a5 (16... b4 $5 17. c4 a5 18. Nc1 (18. Nd4 Qxg3 19. hxg3 Rd8 $19) (18. Nc5 {
[%cal Gd1d3]} b3 $1 $36) 18... Rb8 19. Rd3 Qa4 20. Nb3 Ne7 $44) 17. Nd4 $1 Ne7
(17... b4 $5 18. Nb5 (18. cxb4 Qxb4+ 19. Qb3 Rd8 20. c3 {[%cal Gf1b5]} Qxb3+
21. axb3 Nxd4 22. cxd4 Bb7 $44 {[%cal Gb7d5]}) 18... Qa4 19. c4 $16 {[%cal
Gg3b3]}) 18. Nxb5 Rb8 19. c4 Qc5 20. Kb2 Nc6 21. a4 $16 {In my opinion black
has not enought compensation for two sacrificed pawns.} Ba6 22. c3 $1 {[%csl
Rc6][%cal Gc3b4,Gc3d4]} Ne7 23. Qd3 Nf5 24. Rd2 Rfc8 25. Kb3 $1 Bb7 (25... Ne3
26. Qd4 Bxb5 27. cxb5 Qd5+ 28. Qxd5 Nxd5 29. c4 $18) 26. h4 {[%cal Gh1h3,Gg2g4]
} h5 (26... Be4 27. Qxe4 Ng3 28. Qf3 Nxh1 29. g4 $18 {[%csl Rh1]}) 27. Rh3 Qg1
$6 28. Qe2 {[%cal Ge2f2,Ge2h5]} Qb6 {Black preferes to sacrifice another pawn ,
in order to keep queens  on the board.} 29. Qxh5 Ne3 30. Rd7 g6 $8 31. Rg3 $5 (
31. Qe2 Nxc4 32. Rd4 Bd5 $132) 31... Be4 32. f5 $5 (32. Bd3 $5 Bxd3 33. Rxd3
Nxc4 (33... Qc5 34. Rdxe3 (34. Rxg6+ fxg6 35. Qxg6+ Kf8 {[%cal Gb8b5]} 36. Qf6+
Ke8 37. Qxe6+ Kf8 38. Qf6+ $11) 34... Qxe3 35. Qxg6+ fxg6 36. Rxe3 $18) 34.
Rxg6+ fxg6 35. Qxg6+ Kf8 $8 (35... Kh8 36. Qf6+ Kg8 37. Rg3+ Kh7 38. Qg7#) 36.
Rd7 Qxb5+ $8 37. axb5 Rxb5+ 38. Ka2 Rb2+ 39. Ka1 $18) 32... Bxf5 (32... exf5 $6
33. Rxf7 Kxf7 34. Qh7+ Kf8 35. Rxg6 Qxg6 36. Qxg6 Nxf1 37. e6 $18) 33. Qf3 Nxf1
34. Qxf1 Qc6 35. Rd4 {[%csl Rf5][%cal Gg3e3,Gg2g4] After mutual tactical blows
white kept an advantage.} Qc5 36. Qf4 Kg7 37. Re3 Rh8 38. Re1 (38. Qg5 $5 $18 {
[%cal Gg5f6,Gg2g4]}) 38... Qe7 39. Red1 g5 (39... Rbd8 40. Qg5 Qxg5 41. hxg5 {
[%cal Gg2g4]} Rxd4 42. cxd4 $18 (42. Rxd4 $18 {[%cal Gc4c5]})) 40. hxg5 Rxb5+
41. cxb5 Rc8 42. Rc1 Kg8 43. g4 Bg6 44. Kb2 Qb7 45. Rd2 1-0